000 00970naa a2200253 u 4500
001 06514
003 HDC
007 cr bn|---aauu|
008 210124e2008 xx | a z000 s eng d
040 _aHDC
100 _aDATUK SERI ABDULLAH BIN HAJI AHMAD BADAWI
_96767
245 4 _aTHE GROUND BREAKING CEREMONY FOR THE NATIONAL INSTITUTE OF NATURAL PRODUCTS, VACCINES AND BIOLOGICALS (9-BIO) /
_cby DATUK SERI ABDULLAH BIN HAJI AHMAD BADAWI
260 _aENSTEK, NEGERI SEMBILAN :
_b[publisher not identified],
_c2006
300 _a4 pages
336 _atext
_2rdacontent
337 _acomputer
_2rdamedia
338 _aonline resource
_2rdacarrier
650 _aMedical term
_96944
650 _aNatural products
_96440
650 _aVaccines products
_96943
856 _zRequest full-text at [email protected]
942 _2lcc
942 _cSPE
999 _c3838
_d3838